Statistiken für Ergebnisdiagramm der Fußball-Weltmeisterschaft 1954

Klicken Sie hier um das Quiz zu spielen!

Allgemein

  • Dieses Quiz wurde 84 mal gespielt
  • Das Durchschnittsergebnis liegt bei 12 aus 16

Antwortstatistiken

Nation % Korrekt
Brasilien
98%
BR Deutschland
97%
Ungarn
97%
Schweiz
95%
England
90%
Frankreich
90%
Österreich
87%
Jugoslawien
82%
Uruguay
80%
Italien
70%
Mexiko
67%
Türkei
64%
Südkorea
62%
Belgien
54%
Tschechoslowakei
41%
Schottland
23%

Verteilung der Resultate

Perzentil nach korrekt beantworteten Fragen

Anzahl Personen mit jedem Resultat

Ihre Resultats-Entwicklung

Sie haben dieses Quiz noch nicht gespielt